| Tag |
First Indicator |
Second Indicator |
Subfields |
| LEADER |
00000cam a2200000Ia 4500 |
| 001 |
in00000002165 |
| 005 |
20151007050849.0 |
| 007 |
he bmb024bbca |
| 008 |
990324s1998 dcua bb f000 0 eng d |
| 035 |
|
|
|a (OCoLC)ocm41028802
|
| 035 |
|
|
|a (OCoLC)41028802
|
| 035 |
|
|
|9 AJF0503AM
|
| 035 |
|
|
|a (GPO)apn99-005514
|
| 037 |
|
|
|a 065-000-01212-0
|b GPO
|c $9.50
|f paper copy
|
| 040 |
|
|
|a GPO
|c GPO
|d UtOrBLW
|
| 043 |
|
|
|a n-us---
|
| 074 |
|
|
|a 0455-G-09 (MF)
|
| 074 |
|
|
|a 0455-G-09 (online)
|
| 086 |
0 |
|
|a ED 1.328/5:ST 7
|z ED 1.328/5:UN 2/6
|
| 100 |
1 |
|
|a Horn, Laura.
|
| 245 |
1 |
0 |
|a Stopouts or stayouts? :
|b undergraduates who leave college in their first year /
|c Laura J. Horn ; C. Dennis Carroll, project officer.
|
| 264 |
|
1 |
|a Washington, DC :
|b U.S. Dept. of Education, Office of Educational Research and Improvement, National Center for Education Statistics :
|c [1998]
|
| 264 |
|
2 |
|a Washington, DC :
|b [Supt. of Docs., U.S. G.P.O., distributor],
|
| 300 |
|
|
|a xi, 68 pages :
|b illustrations ;
|c 28 cm.
|
| 336 |
|
|
|a text
|b txt
|2 rdacontent
|
| 337 |
|
|
|a microform
|b h
|2 rdamedia
|
| 338 |
|
|
|a microfiche
|b he
|2 rdacarrier
|
| 490 |
1 |
|
|a Statistical analysis report
|
| 500 |
|
|
|a "November 1998."
|
| 500 |
|
|
|a Shipping list number: 99-0245-M.
|
| 504 |
|
|
|a Includes bibliographical references (pages 49-50).
|
| 500 |
|
|
|a "NCES 1999-087."
|
| 530 |
|
|
|a Also available via Internet from the NCES web site (PDF file only).
|
| 533 |
|
|
|a Microfiche.
|b [Washington, D.C.] :
|c Supt. of Docs., U.S. G.P.O.,
|d 1999
|e 1 microfiche : negative.
|
| 500 |
|
|
|a Microform.
|
| 650 |
|
0 |
|a College dropouts
|z United States
|x Statistics.
|
| 700 |
1 |
|
|a Carroll, C. Dennis.
|
| 710 |
2 |
|
|a National Center for Education Statistics.
|
| 830 |
|
0 |
|a Statistical analysis report (National Center for Education Statistics)
|
| 856 |
4 |
1 |
|u http://nces.ed.gov/pubsearch/pubsinfo.asp?pubid=1999087
|t 0
|
| 999 |
|
|
|a MARS
|
| 999 |
f |
f |
|s c63a1245-499f-31e5-b925-9bfcf91d269e
|i cea8275a-bf84-3f34-8b60-2ed375fa6cfd
|t 0
|
| 952 |
f |
f |
|p normal
|a Texas A&M University
|b College Station
|c Sterling C. Evans Library
|d Evans: US Documents Microfiche (3rd floor)
|t 0
|e ED 1.328/5:ST 7
|h Superintendent of Documents classification
|i microform -- microfiche
|m A14826657937
|
| 952 |
f |
f |
|a Texas A&M University
|b College Station
|c Electronic Resources
|d Available Online
|t 0
|e ED 1.328/5:ST 7
|h Superintendent of Documents classification
|
| 998 |
f |
f |
|a ED 1.328/5:ST 7
|t 0
|l Evans: US Documents Microfiche (3rd floor)
|
| 998 |
f |
f |
|a ED 1.328/5:ST 7
|t 0
|l Available Online
|